Štrukturálne fondy ako cudzí zdroj investovania projektov v SR bakalárska práca

Gespeichert in:
Bibliographische Detailangaben
1. Verfasser: Kozina, Róbert
Körperschaft: Národohospodárska fakulta EU. Katedra hospodárskej politiky
Weitere Verfasser: Hudcovský, Martin, 1988-
Format: Buch
Sprache:Slowakisch
Veröffentlicht: Bratislava 2017
Tags: Tag hinzufügen
Keine Tags, Fügen Sie das erste Tag hinzu!

MARC

LEADER 00000nbm a2200000 4500
001 0233867
005 20170801092401.1
041 0 |a slo 
044 |a SK 
245 1 0 |a Štrukturálne fondy ako cudzí zdroj investovania projektov v SR  |b bakalárska práca  |c Róbert Kozina ; školiteľ: Martin Hudcovský 
264 1 |a Bratislava  |c 2017 
300 |a 49 s. 
100 1 |a Kozina, Róbert 
700 1 |a Hudcovský, Martin, 1988- 
710 2 |a Národohospodárska fakulta EU. Katedra hospodárskej politiky